[Event "FRA-chT2S"]
[Site "France"]
[Date "2002.12.08"]
[Round "4.8"]
[White "Carmeille, Ludovic"]
[Black "Dabdan, Ali"]
[Result "1/2-1/2"]
[WhiteElo "2130"]
[BlackElo "2040"]
[PlyCount "98"]
[EventDate "2002.10.??"]
[EventType "team"]
[EventRounds "11"]
[EventCountry "FRA"]
[SourceTitle "EXT 2004"]
[Source "ChessBase"]
[SourceDate "2003.11.25"]
[SourceVersion "1"]
[SourceVersionDate "2003.11.25"]
[SourceQuality "1"]

1. e4 d6 2. d4 Nf6 3. Nc3 g6 4. g3 Bg7 5. Bg2 0-0 6. Nge2 c6 7. h3 Nbd7 8. Be3 Rb8 9. f4 Qc7 10. 0-0 b5 11. e5 Ne8 12. a3 e6 13. Qd3 c5 14. Rad1 b4 15. exd6 Nxd6 16. dxc5 Nf5 17. axb4 Nxe3 18. Qxe3 Rxb4 19. c6 Nb8 20. b3 Ba6 21. Rfe1 Nxc6 22. Qc5 Bxe2 23. Rxe2 Qb6 24. Qxb6 Rxb6 25. Na4 Ra6 26. Red2 Ne7 27. Kh2 Nf5 28. Rd3 h5 29. Bb7 Ra5 30. Bc6 e5 31. b4 Ra6 32. Bb5 Re6 33. Bd7 Ra6 34. Bb5 Rf6 35. fxe5 Re6 36. Bd7 Rxe5 37. Bxf5 Rxf5 38. Kg2 a5 39. c3 axb4 40. cxb4 Rb5 41. Rb3 Rfb8 42. Rdb1 Bd4 43. g4 hxg4 44. hxg4 f5 45. gxf5 Rxf5 46. Rd3 Bf6 47. Rf3 Rg5+ 48. Rg3 Rbb5 49. Rbb3 Be7 1/2-1/2